La negociación colectiva: un análisis comparativo /

Tallennettuna:
Bibliografiset tiedot
Päätekijä: Bronstein, Arturo S.
Aineistotyyppi: Teksti
Aiheet:
Tagit: Lisää tagi
Ei tageja, Lisää ensimmäinen tagi!

MARC

LEADER 00000 a a2200000 04500
001 5553
003
040
100 |a Bronstein, Arturo S.  
245 |a La negociación colectiva:   |b un análisis comparativo /  |c Arturo S. Bronstein 
650 |a NEGOCIACION COLECTIVA  
650 |a AMERICA LATINA  
773 |g número 114 -115; páginas 24-34  
999 |c 26896  |d 26896